000 02013nam a22004217a 4500
999 _c23500
_d23500
003 AR-CdUCM
008 260126b2024 pe ||||| |||| 00| 0 spa d
020 _a978-612-47551-3-2
040 _aMUNICIPALIDAD PROVINCIAL DEL CUSCO
_cBIBLIOTECA MUNICIPAL DEL CUSCO
041 _hspa
082 _a980.5 /
_bV66
100 _aVillarroel Salgueiro, Gloria
_952239
245 _aAymara :
_bConocimientos, Saberes, Prácticas y Rituales Agropecuarios y Alimentarios /
260 _aCusco :
_bCentro Regional para la Salvaguardia del Patrimonio Cultural Inmaterial de América Latina-CRESPIAL,
_c2024.
300 _a319 páginas. :
_bilustraciones,
_c16 x 20cm.
500 _zpáginas 312 - 317
505 _acontiene: El Centro Regional para la Salvaguardia del Patrimonio Cultural Inmaterial de América Latina -- Comunidades Aymara de Bolivia, Chile y Perú -- Conocimientos -- Saberes -- Prácticas -- Rituales Agropecuarios -- Alimentarios -- Tunka layrani y ch'isiwaymama -- Variedades del cultivo de papa y quinua -- Patrimonio cultural de los pueblos originarios del sur andino -- Lumasanakaxasuma qamañataki. Señales para el buen vivir - Perú....
650 _aBolivia - Chile - Perú
_952240
650 _aLa consagración
_952241
650 _aVestimenta
_920753
650 _aRituales del calendario
_952242
650 _aMito de Tunupa
_952243
650 _aHistoria del cultivo
_952244
650 _aProblemática del control
_952245
650 _aMensajes de la naturaleza
_952246
650 _aLa madre tierra
_952247
650 _aProducción agrícola
_914763
650 _aTiempos de cosecha
_952248
650 _aSeñales de la agricultura
_952249
650 _aLos abuelos, transmisores de conocimientos
_952250
650 _aConclusiones
_952251
700 _aGavilán Vega, Vivian
_952252
700 _aApaza Añamuro, Rubén Darío
_952253
700 _aRoel Mendizábal, Pedro
_948327
856 _fwww.crespial.org
942 _2ddc
_cLIBROS
945 _ajmcs
_d26/01/2026